|
|
|
|
| LEADER |
01839nam a2200421 i 4500 |
| 001 |
EBC7017390 |
| 003 |
MiAaPQ |
| 005 |
20221223202650.0 |
| 006 |
m o d | |
| 007 |
cr cnu|||||||| |
| 008 |
221223s2023 enk o 001 0 eng d |
| 020 |
|
|
|z 9781032054995
|q (print)
|
| 020 |
|
|
|a 9781000636383
|q (electronic bk.)
|
| 035 |
|
|
|a (MiAaPQ)EBC7017390
|
| 035 |
|
|
|a (Au-PeEL)EBL7017390
|
| 035 |
|
|
|a (OCoLC)1330934034
|
| 040 |
|
|
|a MiAaPQ
|b eng
|e rda
|e pn
|c MiAaPQ
|d MiAaPQ
|
| 050 |
|
4 |
|a TD345
|b .P356 2023
|
| 082 |
0 |
|
|a 333.91
|2 23
|
| 100 |
1 |
|
|a Paloniity, Tiina,
|d 1982-
|e author.
|
| 245 |
1 |
0 |
|a Law, ecology, and the management of complex systems :
|b the case of water governance /
|c Tiina Paloniitty.
|
| 264 |
|
1 |
|a Abingdon, Oxon ;
|a New York, NY :
|b Routledge,
|c [2023]
|
| 264 |
|
4 |
|c Ã2023
|
| 300 |
|
|
|a 1 online resource (203 pages).
|
| 336 |
|
|
|a text
|b txt
|2 rdacontent
|
| 337 |
|
|
|a computer
|b c
|2 rdamedia
|
| 338 |
|
|
|a online resource
|b cr
|2 rdacarrier
|
| 490 |
0 |
|
|a Part of the Law, Science and Society series
|
| 500 |
|
|
|a Includes index.
|
| 588 |
|
|
|a Description based on print version record.
|
| 590 |
|
|
|a Electronic reproduction. Ann Arbor, MI : ProQuest, 2018. Available via World Wide Web. Access may be limited to ProQuest affiliated libraries.
|
| 650 |
|
0 |
|a Agricultural pollution
|x Law and legislation.
|
| 650 |
|
0 |
|a Water-supply
|x Management.
|
| 650 |
|
0 |
|a Runoff
|x Law and legislation.
|
| 655 |
|
4 |
|a Electronic books.
|
| 776 |
0 |
8 |
|i Print version:
|a Paloniity, Tiina.
|t Law, ecology, and the management of complex systems : the case of water governance.
|d Abingdon, Oxon ; New York, NY : Routledge, c2023
|h 203 pages
|k Part of the Law, Science and Society series
|z 9781032054995
|
| 797 |
2 |
|
|a ProQuest (Firm)
|
| 856 |
4 |
0 |
|u https://ebookcentral.proquest.com/lib/matrademy/detail.action?docID=7017390
|z Click to View
|